European Parliament Political Groups - Statistics

General Stats
  • This quiz has been taken 145 times
  • The average score is 6 of 9
Answers on the Map
Answers color-coded by a green-red scale on the quiz's map according to % correct below.
 
Answer Stats
Answer % Correct
Non Inscrits
76%
Greens/EFA
74%
Socialists and Democrats
74%
The Left
74%
European People's Party
73%
Europe of Sovereign Nations
71%
Renew Europe
70%
European Conservatives and Reformists
63%
Patriots for Europe
52%
No matching quizzes found
Score Distribution
Percent of People with Each Score
Percentile by Number Answered
Your Score History
You have not taken this quiz